000 01074nam a22002417a 4500
005 20160304163521.0
008 160304b2013 ck abdofr|||| 00| 0 spa d
020 _a9789585736719
040 _aCO-BoIAVH
_cCO-BoIAVH
041 0 _aspa
044 _ack
082 0 4 _a711.09861
_bS44d
110 1 _aAlcaldía Mayor de Bogotá D. C.
_b, Secretaría Distrital de Planeación
245 1 0 _aConstruyendo una visión regional común entre Bogotá y sus territorios circunvencidos
_bavances 2012 - 2013
260 _a[Bogotá D. C.?]:
_bAlcaldía Mayor de Bogotá - Secretaría Distrital de Planeación :
_bUNCRD,
_c[2013?].
300 _a244 páginas :
_bilustraciones, mapas, tablas y fotografías a color ;
_c28 x 21 centímetros
490 0 _aColección integración regional ;
_v12
650 6 _aDesarrollo urbano
_zBogotá (Colombia)
650 6 _aProgramas de desarrollo
_zBogotá (Colombia)
650 6 _aPlanificación regional
_zBogotá (Colombia)
650 6 _aPlanificación sectorial
_zBogotá (Colombia)
942 _2ddc
_cLIBRO
999 _c18198
_d18198